01155nam a2200193Ia 4500001001000000003001000010008004100020040002500061041001300086100002500099245007200124250001100196260006600207300001200273500026400285501011400549520026400663650003400927L235-8293IT-CnALBA170116s9999||||xx |||||||||||||| ||und|| aIT-CnALBAcIT-CnALBA aITALIANO aBUTLER ALBANO, ABATE 0aVITE DEI PADRI, DEI MARTIRI E DEGLI ALTRI PRINCIPALI SANTI. VOL I.  a2a ed. a VENEZIAbEMILIANA TIP. LIBR. EDITRICE c1857 [1° Ed.: n.d.] a302 p.  aGENNAIO. TRADUZIONE DI GODESCARD GIAN FRANCESCO. VITA DI N. S. GESÙ CRISTO. VITA DELLA BEATA VERGINE MARIA E SUE PRINCIPALI FESTE. CIRCONCISIONE DI GESÙ. ODILONE. MACARIO. TITO. SIMEONE STILITA. TELESFORO. EPIFANIA. LUCIANO. LORENZO GIUSTINIANI. VERONICA  aSocietà San Paolo EM - Piazza San Paolo, 14 - 12051 ALBA (CN) (non commercial uses only) ® Copyright 2017 aGENNAIO. TRADUZIONE DI GODESCARD GIAN FRANCESCO. VITA DI N. S. GESÙ CRISTO. VITA DELLA BEATA VERGINE MARIA E SUE PRINCIPALI FESTE. CIRCONCISIONE DI GESÙ. ODILONE. MACARIO. TITO. SIMEONE STILITA. TELESFORO. EPIFANIA. LUCIANO. LORENZO GIUSTINIANI. VERONICA  aMARIA SS. ANGELI SANTI DEMONI